000 01435nam a22002894n 4500
003 AR-BaSMT
008 230502b2021 aga|||ar|||| 00| 1 spa d
020 _a9789874918802
040 _aBSGB
_bespañol
_erda
041 0 _aspa
_hespañol
080 _a82-34
100 1 _aRodrigué, Mercedes
_9468
245 1 0 _aABC de las emociones
250 _aprimera edición, priera reimpresión
264 1 _aBuenos Aires
_bLa brujita de papel
_c2021
300 _a32 páginas
_bIlustraciones color
336 _2rdacontent
_atexto
_btxt
337 _2rdamedia
_asin mediación
_bn
338 _2rda carrier
_avolúmen
_bnc
520 1 _aAnís, el ratoncito, se puso súper ansioso cuando el topo Vicente le contó que todos los animales del zoológico se iban de excursión a conocer el mar. Bueno, todos no, el rinoceronte Bruno estaba hecho una furia porque no lo habían invitado, y la ardilla Nieves estaba muerta de nervios porque era la primera vez que tenía que dormir fuera de casa… Ansiedad, miedo, alegría, frustración, son algunas de las emociones que aparecen en esta historia que conjuga el aprendizaje de las primeras letras con la exploración de aquello que sentimos y que no siempre sabemos nombrar.
_uContratapa
521 _aJardín
650 7 _98
_aLITERATURA INFANTIL
_zArgentina
650 7 _923
_aCUENTO
_zArgentina
700 1 _aO'Kif, Alejandro
_eIlustrador
_9469
942 _2udc
_aBOOK
999 _c629
_d629